| 000 | 02283cas a2200529 4500 | ||
|---|---|---|---|
| 001 | 11139596 | ||
| 005 | 20180220033704.0 | ||
| 008 | 750920c19339999enkqr p 0 a0eng c | ||
| 010 | _a 35031091 | ||
| 016 | 7 |
_a01121676X _2DE-101 |
|
| 016 | 7 |
_a209928-7 _2DE-600 |
|
| 016 | 7 |
_a101085345 _2DNLM |
|
| 016 | 7 |
_aAA00377922 _2JP-ToKJK |
|
| 016 | 7 |
_a009543554 _2Uk |
|
| 022 |
_a0034-6527 _2z |
||
| 032 |
_a673250 _bUSPS |
||
| 035 | _a(OCoLC)ocm01639811 | ||
| 040 |
_aMUL _beng _cMUL _dCOO _dIUL _dYUS _dCOO _dHUL _dNYG _dDLC _dNSD _dAIP _dHUL _dAIP _dAGL _dNST _dHUL _dNSD _dDLC _dCUS _dOCL _dCUS _dNLM _dOCLCQ _dCDS _dOCLCQ _dNLGGC _dCLU _dLVB _dHUL _dOCLCQ _dHEBIS _dGEBAY _dGBVCP _dMYG _dUKMGB _dWAU _dOCLCQ _dOCLCF _dBEDGE _dP4I _dOCLCO _dDEBBG _dOCLCO _dEUW _dOCLCO _dDLC _dOCLCQ _dOCLCO _dFC@ _dI8M _dOCLCO _dOCLCA _dOCLCQ _dZAS _dOCLCA _dOKS |
||
| 041 | _aeng | ||
| 042 |
_apcc _ansdp |
||
| 051 | _ahttp://www.jstor.org/journals/00346527.html | ||
| 070 | 0 |
_a280.8 _bR329 |
|
| 080 | _a330.5 DAS | ||
| 082 | 0 | 4 | _a330.5 DAS |
| 100 | _a52 | ||
| 101 | _aEKO | ||
| 210 | 0 | _aRev. econ. stud. | |
| 222 | 0 | _aReview of economic studies | |
| 245 | 0 | 4 | _aThe Review of economic studies. |
| 310 | _aQuarterly | ||
| 321 | _aThree no. a year | ||
| 362 | 0 | _av. 1- Oct. 1933- | |
| 515 | _a<Vol. 72(3)>- also called: <No. 252>- | ||
| 525 | _aHas occasional special issues. | ||
| 530 | _aScanned images of back issues also available to subscribers of JSTOR via the World Wide Web. | ||
| 530 | _aAlso issued online. | ||
| 550 | _aIssued Oct. 1933-<June 1934> by the London School of Economics and Political Science; 1958- by the Economic Study Society; <Jan. 1980>-Apr. 1988 by the Society for Economic Analysis; July 1988- by the Review of Economic Studies Ltd.; Apr. 2013- by Oxford University Press. | ||
| 555 | _aVols. 1-25, 1933-58. 1 v.; Vols. 26-48, 1959-81. 1 v.; Vols. 47-56, 1980-89. 1 v. | ||
| 590 | _aSERBIB/SERLOC merged record | ||
| 776 | 0 | 8 |
_iOnline version: _tReview of economic studies (Online) _x1467-937X _w(DLC)sn 99023389 _w(OCoLC)41302462 |
| 906 |
_a7 _bcbc _cserials _d3 _encip _f19 _gn-oclcserc |
||
| 942 |
_2ddc _cBK |
||
| 999 |
_c42871 _d42871 |
||